[Event "Sofia An Pasan op 10th"]
[Site "Sofia"]
[Date "2015.11.01"]
[Round "4"]
[White "Todorov, Vladimir"]
[Black "Karov, Aleksandar"]
[Result "1-0"]
[WhiteElo "1286"]
[BlackElo "1086"]
[PlyCount "65"]
[EventDate "2015.10.31"]
[EventType "swiss"]
[EventRounds "6"]
[EventCountry "BUL"]
[SourceTitle "CBM 169 Extra"]
[Source "ChessBase"]
[SourceDate "2015.12.18"]
[SourceVersion "1"]
[SourceVersionDate "2015.12.18"]
[SourceQuality "1"]

1. e4 d5 2. exd5 Qxd5 3. Nc3 Qa5 4. d4 Nf6 5. Nf3 Bg4 6. h3 Bh5 7. Bd2 c6 8. Be2 e6 9. Ne4 Qc7 10. Nxf6+ gxf6 11. Be3 Nd7 12. Qd2 0-0-0 13. 0-0-0 Bg7 14. Kb1 e5 15. d5 Kb8 16. d6 Qc8 17. g4 Bg6 18. Nh4 Be4 19. f3 Bd5 20. Nf5 Bf8 21. Ne7 Bxe7 22. dxe7 Rde8 23. c4 Be6 24. Qd6+ Qc7 25. c5 Kc8 26. f4 Qxd6 27. cxd6 Kb8 28. f5 Bd5 29. Rhf1 Nb6 30. Bxb6 axb6 31. Bf3 Bc4 32. Rfe1 h6 33. d7 1-0

[Event "Sofia An Pasan op 10th"]
[Site "Sofia"]
[Date "2015.10.31"]
[Round "2"]
[White "Todorov, Vladimir"]
[Black "Toncheva, Nadya"]
[Result "0-1"]
[WhiteElo "1286"]
[BlackElo "1549"]
[PlyCount "84"]
[EventDate "2015.10.31"]
[EventType "swiss"]
[EventRounds "6"]
[EventCountry "BUL"]
[SourceTitle "CBM 169 Extra"]
[Source "ChessBase"]
[SourceDate "2015.12.18"]
[SourceVersion "1"]
[SourceVersionDate "2015.12.18"]
[SourceQuality "1"]

1. e4 c5 2. Nc3 Nc6 3. g3 g6 4. Bg2 Bg7 5. f4 e6 6. Nge2 Nge7 7. 0-0 0-0 8. d3 d5 9. exd5 exd5 10. Qe1 Re8 11. Qf2 b6 12. Re1 Nb4 13. Rd1 Nxc2 14. Rb1 Nb4 15. a3 Nbc6 16. Nb5 Bf5 17. Ra1 Qd7 18. Nbc3 d4 19. Ne4 Nd5 20. Bd2 Re7 21. Re1 Rae8 22. Nc1 c4 23. dxc4 Bxe4 24. Bxe4 Rxe4 25. Rxe4 Rxe4 26. cxd5 Qxd5 27. Nd3 Qe6 28. Re1 Rxe1+ 29. Qxe1 Qxe1+ 30. Bxe1 f5 31. Kf2 Kf7 32. Ke2 Ke6 33. Nb4 Nxb4 34. axb4 Kd5 35. Kd3 Bf8 36. b5 Kc5 37. h3 Bg7 38. Bf2 Kxb5 39. Bxd4 Bxd4 40. Kxd4 Kb4 41. Kd5 Kb3 42. Kc6 Kxb2 0-1